Library Banner

New frontiers in urban analysis (Record no. 61634)

MARC details
000 -LEADER
fixed length control field 00571nam a2200205Ia 4500
001 - CONTROL NUMBER
control field 61183
008 - FIXED-LENGTH DATA ELEMENTS--GENERAL INFORMATION
fixed length control field 141120s9999 xx 000 0 und d
020 ## - INTERNATIONAL STANDARD BOOK NUMBER
International Standard Book Number 9781439802526
040 ## - CATALOGING SOURCE
Transcribing agency PK-LaUMT
082 ## - DEWEY DECIMAL CLASSIFICATION NUMBER
Classification number 307.1216
Item number NEW-
100 ## - MAIN ENTRY--PERSONAL NAME
Personal name Asami, Yasushi
245 ## - TITLE STATEMENT
Title New frontiers in urban analysis
Remainder of title in honor of Atsukuki Okabe
Statement of responsibility, etc Asami, Yasushi|Sadahiro, Yukio|Ishikawa, Toru
260 ## - PUBLICATION, DISTRIBUTION, ETC. (IMPRINT)
Place of publication, distribution, etc Boca Raton,USA:
Name of publisher, distributor, etc CRC Press,
Date of publication, distribution, etc 2009
300 ## - PHYSICAL DESCRIPTION
Extent 253 p.
546 ## - LANGUAGE NOTE
Language note EN
650 ## - SUBJECT ADDED ENTRY--TOPICAL TERM
Topical term or geographic name as entry element City planning
700 ## - ADDED ENTRY--PERSONAL NAME
Personal name Ishikawa, Toru
700 ## - ADDED ENTRY--PERSONAL NAME
Personal name Sadahiro, Yukio
942 ## - ADDED ENTRY ELEMENTS (KOHA)
Koha item type Books
Holdings
Withdrawn status Lost status Damaged status Not for loan Home library Current library Date acquired Total Checkouts Full call number Barcode Date last seen Date checked out Price effective from Koha item type
        UMT Main Campus UMT Main Campus 2014-11-17 1 307.1216 NEW- 79703 2017-07-18 2017-07-15 2014-11-20 Books